<?xml version="1.0" encoding="UTF-8"?>
<collection xmlns="http://www.loc.gov/MARC21/slim">
 <record>
  <leader>06771nam a2200469 a 4500</leader>
  <controlfield tag="001">kal2320</controlfield>
  <controlfield tag="003">Gr-AtHEAL</controlfield>
  <controlfield tag="005">20160503220337.0</controlfield>
  <controlfield tag="006">m        d        </controlfield>
  <controlfield tag="008">160413s2015    gr      s           gre|c</controlfield>
  <datafield tag="020" ind1=" " ind2=" ">
   <subfield code="a">9789606030895</subfield>
  </datafield>
  <datafield tag="040" ind1=" " ind2=" ">
   <subfield code="a">GR-AtHEAL</subfield>
   <subfield code="b">gre</subfield>
   <subfield code="c">GR-AtHEAL</subfield>
  </datafield>
  <datafield tag="082" ind1="0" ind2="4">
   <subfield code="a">660</subfield>
   <subfield code="2">23</subfield>
  </datafield>
  <datafield tag="100" ind1="1" ind2=" ">
   <subfield code="a">Ζουμπούλης, Αναστάσιος.</subfield>
   <subfield code="8">1040</subfield>
  </datafield>
  <datafield tag="245" ind1="1" ind2="0">
   <subfield code="a">Πράσινη χημεία και τεχνολογία στη βιώσιμη ανάπτυξη</subfield>
   <subfield code="h">[Ηλεκτρονικός πόρος] </subfield>
   <subfield code="b">Βασικές αρχές και εφαρμογές</subfield>
   <subfield code="c">Ζουμπούλης, Αναστάσιος ; Πελέκα, Ευφροσύνη ; Τριανταφυλλίδης, Κωνσταντίνος ; Κριτικός αναγνώστης,Δημάδης, Κωνσταντίνος ; Γραφιστική επιμέλεια,Αφουξενίδης, Αυξέντιος ; Τεχνική επιμέλεια,Μαργουνάκης, Δημήτριος ; Γλωσσική επιμέλεια,Κατσαρού, Δήμητρα.</subfield>
  </datafield>
  <datafield tag="260" ind1=" " ind2=" ">
   <subfield code="a">Αθήνα :</subfield>
   <subfield code="b">Σύνδεσμος Ελληνικών Ακαδημαϊκών Βιβλιοθηκών,</subfield>
   <subfield code="c">c2015.</subfield>
  </datafield>
  <datafield tag="490" ind1=" " ind2=" ">
   <subfield code="a">Ακαδημαϊκά Ηλεκτρονικά Συγγράμματα και Βοηθήματα Κάλλιπος</subfield>
   <subfield code="8">40</subfield>
  </datafield>
  <datafield tag="520" ind1=" " ind2=" ">
   <subfield code="a">Το βιβλίο αυτό απευθύνεται τόσο σε προπτυχιακούς, όσο και σε μεταπτυχιακούς φοιτητές, που ενδιαφέρονται να κατανοήσουν το θεωρητικό υπόβαθρο και τις εφαρμογές της «Πράσινης Χημείας και Τεχνολογίας», καθώς επίσης και σε επαγγελματίες (χημικούς, μηχανικούς κτλ.) της γενικότερης επιστημονικής περιοχής της Περιβαλλοντικής Διαχείρισης. Στο βιβλίο αυτό υπάρχει το απαραίτητο υλικό για:1. Κατανόηση, εμπέδωση και ικανότητα εφαρμογής της γνώσης και των τεχνικών, που είναι απαραίτητες:• Για την εξοικείωση με την φιλοσοφία και τα εργαλεία της Πράσινης Χημείας.• Για το ρόλο της κατάλυσης στην Πράσινη Χημεία, καθώς και για τους «πράσινους» διαλύτες.• Για τον έλεγχο ποιότητας και τη μέτρηση των περιβαλλοντικών επιπτώσεων από τις χημικές/βιομηχανικές διεργασίες και την αντιμετώπιση της ρύπανσης στην πηγή της, καθώς και σε γενικότερα θέματα Περιβαλλοντικής Διαχείρισης (ISO 14000, EMAS κλπ.)• Για τη Χημεία των ανανεώσιμων πόρων με σκοπό την παραγωγή χημικών και ενέργειας (βιοδιϋλιστήριο, βιοκαύσιμα κτλ.).• Για τη Χημεία της Ανακύκλωσης Υλικών.• Για την παραγωγή και την εξοικονόμηση ενέργειας κατά τις χημικές διεργασίες με την εφαρμογή των αρχών της Πράσινης Χημικής Τεχνολογίας (ΑΠΕ κλπ.).2. Απόκτηση οικειότητας με μεθόδους και τεχνικές της Πράσινης Χημείας για τον σχεδιασμό προϊόντων και διεργασιών, που μειώνουν ή εξαλείφουν επικίνδυνες και τοξικές χημικές ενώσεις για το άνθρωπο και το περιβάλλον («πράσινα» προϊόντα).3. Προσαρμοστικότητα στο συνεχώς εξελισσόμενο πεδίο της Πράσινης Χημείας και της Πράσινης Χημικής Τεχνολογίας με έμφαση στον σχεδιασμό διεργασιών και την παραγωγή προϊόντων από ανανεώσιμες πρώτες ύλες, που έχουν ουσιαστική συμβολή στην Βιώσιμη Ανάπτυξη.4. Απόκτηση γενικότερων δεξιοτήτων, όπως είναι η ανάκτηση και ανάλυση πληροφοριών από το διαδίκτυο σε βάσεις δεδομένων και από την πρωτογενή βιβλιογραφία, ικανότητα προφορικής και γραπτής παρουσίασης ερευνητικών αποτελεσμάτων και αποτελεσμάτων κριτικής ανάλυσης της βιβλιογραφίας</subfield>
  </datafield>
  <datafield tag="650" ind1=" " ind2="0">
   <subfield code="a">Green Chemistry</subfield>
   <subfield code="8">2732</subfield>
  </datafield>
  <datafield tag="653" ind1=" " ind2=" ">
   <subfield code="a">Εναλλακτικοί (πράσινοι) διαλύτες</subfield>
  </datafield>
  <datafield tag="653" ind1=" " ind2=" ">
   <subfield code="a">Ανανεώσιμες πρώτες ύλες και ενέργεια</subfield>
  </datafield>
  <datafield tag="653" ind1=" " ind2=" ">
   <subfield code="a">Βιομηχανική οικολογία</subfield>
  </datafield>
  <datafield tag="653" ind1=" " ind2=" ">
   <subfield code="a">Ανάλυση κύκλου ζωής</subfield>
  </datafield>
  <datafield tag="653" ind1=" " ind2=" ">
   <subfield code="a">Περιβαλλοντική διαχείριση</subfield>
  </datafield>
  <datafield tag="653" ind1=" " ind2=" ">
   <subfield code="a">Κατάλυση</subfield>
  </datafield>
  <datafield tag="653" ind1=" " ind2=" ">
   <subfield code="a">Βιοκαύσιμα</subfield>
  </datafield>
  <datafield tag="653" ind1=" " ind2=" ">
   <subfield code="a">Αειφόρος ανάπτυξη</subfield>
  </datafield>
  <datafield tag="653" ind1=" " ind2=" ">
   <subfield code="a">Πράσινη χημική τεχνολογία</subfield>
  </datafield>
  <datafield tag="653" ind1=" " ind2=" ">
   <subfield code="a">Πράσινη χημεία</subfield>
  </datafield>
  <datafield tag="653" ind1=" " ind2=" ">
   <subfield code="a">Χημεία/Γενική χημεία</subfield>
   <subfield code="a">Χημεία περιβάλλοντος</subfield>
  </datafield>
  <datafield tag="653" ind1=" " ind2=" ">
   <subfield code="a">Τεχνολογία και επιστήμες μηχανικών</subfield>
   <subfield code="a">Τεχνολογία και μηχανική περιβάλλοντος</subfield>
  </datafield>
  <datafield tag="653" ind1=" " ind2=" ">
   <subfield code="a">Τεχνολογία και επιστήμες μηχανικών</subfield>
   <subfield code="a">Χημική τεχνολογία και μηχανική</subfield>
  </datafield>
  <datafield tag="653" ind1=" " ind2=" ">
   <subfield code="a">Χημεία/Γενική χημεία</subfield>
  </datafield>
  <datafield tag="653" ind1=" " ind2=" ">
   <subfield code="a">Χημεία/Γενική χημεία</subfield>
   <subfield code="a">Ανόργανη χημεία</subfield>
   <subfield code="a">Πράσινη χημεία</subfield>
  </datafield>
  <datafield tag="700" ind1="1" ind2=" ">
   <subfield code="a">Πελέκα, Ευφροσύνη</subfield>
   <subfield code="e">Συγγραφέας</subfield>
   <subfield code="8">1044</subfield>
  </datafield>
  <datafield tag="700" ind1="1" ind2=" ">
   <subfield code="a">Τριανταφυλλίδης, Κωνσταντίνος</subfield>
   <subfield code="e">Συγγραφέας</subfield>
   <subfield code="8">1045</subfield>
  </datafield>
  <datafield tag="700" ind1="1" ind2=" ">
   <subfield code="a">Δημάδης, Κωνσταντίνος</subfield>
   <subfield code="e">Κριτικός αναγνώστης</subfield>
   <subfield code="8">1043</subfield>
  </datafield>
  <datafield tag="856" ind1="4" ind2="0">
   <subfield code="u">http://hdl.handle.net/11419/2320</subfield>
   <subfield code="z">Πλήρες Κείμενο - Full text</subfield>
  </datafield>
  <datafield tag="907" ind1=" " ind2=" ">
   <subfield code="a">.b25679363</subfield>
   <subfield code="b">12-06-18</subfield>
   <subfield code="c">29-07-16</subfield>
  </datafield>
  <datafield tag="949" ind1=" " ind2=" ">
   <subfield code="0">0</subfield>
   <subfield code="1">0</subfield>
   <subfield code="2">ddc</subfield>
   <subfield code="4">0</subfield>
   <subfield code="6">660_000000000000000_ΖΟΥ</subfield>
   <subfield code="7">0</subfield>
   <subfield code="8">KALL</subfield>
   <subfield code="8">695</subfield>
   <subfield code="d">2016-04-13</subfield>
   <subfield code="r">2016-04-13</subfield>
   <subfield code="w">2016-04-13</subfield>
   <subfield code="z">660 ΖΟΥ</subfield>
   <subfield code="o">SEAB KALLIPOS</subfield>
  </datafield>
  <datafield tag="998" ind1=" " ind2=" ">
   <subfield code="a">80</subfield>
   <subfield code="a">01</subfield>
   <subfield code="a">02</subfield>
   <subfield code="a">03</subfield>
   <subfield code="a">04</subfield>
   <subfield code="a">05</subfield>
   <subfield code="a">06</subfield>
   <subfield code="a">07</subfield>
   <subfield code="a">08</subfield>
   <subfield code="a">09</subfield>
   <subfield code="a">10</subfield>
   <subfield code="a">11</subfield>
   <subfield code="a">12</subfield>
   <subfield code="a">13</subfield>
   <subfield code="a">14</subfield>
   <subfield code="a">15</subfield>
   <subfield code="a">16</subfield>
   <subfield code="a">17</subfield>
   <subfield code="a">18</subfield>
   <subfield code="a">19</subfield>
   <subfield code="a">20</subfield>
   <subfield code="a">21</subfield>
   <subfield code="a">22</subfield>
   <subfield code="a">23</subfield>
   <subfield code="a">24</subfield>
   <subfield code="a">25</subfield>
   <subfield code="a">26</subfield>
   <subfield code="b">16-05-17</subfield>
   <subfield code="c">m</subfield>
   <subfield code="d">z  </subfield>
   <subfield code="e">-</subfield>
   <subfield code="f">gre</subfield>
   <subfield code="g">gr </subfield>
   <subfield code="h">0</subfield>
  </datafield>
  <datafield tag="942" ind1=" " ind2=" ">
   <subfield code="2">ddc</subfield>
   <subfield code="c">KALLIPOS</subfield>
  </datafield>
 </record>
</collection>
